Statystyki dla Język angielski - liczba mnoga rzeczowników

Kliknij tutaj aby rozwiązać quiz!

Ogólne statystyki

  • Ten quiz został rozwiązany 56 razy
  • Średni wynik to 46 z 130

Statystyki odpowiedzi

L. pojedynczaL. mnoga% Poprawnych
a childchildren
74%
a daydays
74%
a fishfish
74%
a yearyears
74%
a boyboys
72%
a cantocantos
72%
a carpcarp
72%
a dressdresses
72%
a photophotos
72%
a priceprices
70%
a swineswine
70%
a bushbushes
67%
a horsehorses
67%
a moosemoose
67%
a watercraftwatercraft
67%
an aircraftaircraft
65%
a boxboxes
65%
a deerdeer
65%
a zebrazebras
65%
a dogdogs
63%
a footfeet
63%
a potatopotatoes
63%
an axeaxes
61%
a flyflies
61%
a prizeprizes
59%
a speciesspecies
59%
a carcars
57%
a chiefchiefs
57%
a sofasofas
57%
a watchwatches
57%
a zerozeros
57%
a toytoys
54%
a womanwomen
54%
a citycities
52%
a keykeys
52%
a ladyladies
52%
a roseroses
52%
a storystories
52%
a babybabies
50%
a fruitfruit
50%
a mousemice
50%
a nosenoses
50%
a podcastpodcasts
50%
a proofproofs
50%
a weekweeks
50%
a buffalobuffalo
46%
a toothteeth
46%
a busbuses
43%
a foxfoxes
43%
a hovercrafthovercraft
43%
a pianopianos
43%
a tomatotomatoes
43%
a bedbeds
41%
a calfcalves
41%
a heroheroes
41%
a manmen
41%
a personpersons
41%
an anacondaanacondas
39%
a person (drugi wariant)people
39%
a roofroofs
39%
a shrimpshrimp
39%
a countrycountries
37%
a sheepsheep
37%
a bridgebridges
35%
a penny (drugi wariant)pennies
33%
a spacecraftspacecraft
33%
a balletballets
28%
a cactus (drugi wariant)cactuses
28%
a cello (drugi wariant)cellos
28%
a fiancéefiancées
28%
a fiancéfiancés
28%
a handkerchiefhandkerchiefs
28%
a thiefthieves
28%
a torpedotorpedoes
28%
an antennaantennas
26%
a halfhalves
26%
a lifelives
26%
an octopus (drugi wariant)octopuses
26%
a quizquizzes
26%
a goose (drugi wariant)gooses
24%
a hippopotamus (drugi wariant)hippopotamuses
24%
a loafloaves
24%
a radius (drugi wariant)radiuses
24%
a trouttrout
24%
a wifewives
24%
a wolfwolves
24%
an axaxes
22%
a focus (drugi wariant)focuses
22%
an index (drugi wariant)indexes
22%
a knifeknives
22%
a shelfshelves
22%
a vetovetoes
22%
a datumdata
20%
a cactus (trzeci wariant)cactus
17%
a fungusfungi
17%
an octopusoctopi
15%
an apex (drugi wariant)apexes
13%
a bacteriumbacteria
13%
a beau (drugi wariant)beaus
13%
a crisiscrises
13%
a larvalarvae
13%
an analysisanalyses
11%
a cactuscacti
11%
a cellocelli
11%
a goosegeese
11%
a hippopotamushippopotami
11%
an antenna (drugi wariant)antennae
9%
an oxoxen
9%
a radiusradii
9%
a thesistheses
9%
an algaalgae
7%
an appendixappendices
7%
an axisaxes
7%
a curriculum (drugi wariant)curriculums
7%
a diedice
7%
a nucleusnuclei
7%
a phenomenonphenomena
7%
an alumnusalumni
4%
a criterioncriteria
4%
a curriculumcurricula
4%
a focusfoci
4%
an indexindices
4%
a memorandummemoranda
4%
a residuumresidua
4%
a stratumstrata
4%
a vacuumvacua
4%
a vortexvortices
4%
an apexapices
2%
a beaubeaux
2%
a pennypence
2%

Rozkład punktacji

Percentyl według liczby udzielonych odpowiedzi

Procent ludzi z każdym wynikiem

Twoja historia wyników

Nie rozwiązałeś tego quizu